Catálogo

Vista normal Vista MARC

Entrada Personal Name

Número de registros utilizados en: 1

001 - CONTROL NUMBER

  • control field: 7700

003 - CONTROL NUMBER IDENTIFIER

  • control field: DLC

005 - DATE AND TIME OF LATEST TRANSACTION

  • control field: 20210601103216.0

008 - FIXED-LENGTH DATA ELEMENTS

  • fixed length control field: 790702n| acannaabn |a aaa

010 ## - LIBRARY OF CONGRESS CONTROL NUMBER

  • LC control number: 79056141

035 ## - SYSTEM CONTROL NUMBER

  • System control number: (OCoLC)oca00289245

040 ## - CATALOGING SOURCE

  • Original cataloging agency: DLC
  • Language of cataloging: spa
  • Transcribing agency: Mx-PuUPA
  • Modifying agency: FMU
  • Modifying agency: IEN
  • Modifying agency: Mx-PuUPA

046 ## - SPECIAL CODED DATES

  • Birth date: 19370920

100 1# - HEADING--PERSONAL NAME

  • Personal name: Hatch, Elvin,
  • Dates associated with a name: 1937-

374 ## - OCCUPATION

  • Occupation: Autor

375 ## - GENDER

  • Gender: hombre

377 ## - ASSOCIATED LANGUAGE

  • Language code: eng

400 1# - SEE FROM TRACING--PERSONAL NAME

  • Personal name: Hatch, Elvin James,
  • Dates associated with a name: 1937-

400 1# - SEE FROM TRACING--PERSONAL NAME

  • Personal name: Hatch, Elvin J.

400 1# - SEE FROM TRACING--PERSONAL NAME

  • Personal name: Ha-ch°i, E.

670 ## - SOURCE DATA FOUND

  • Source citation: His Theories of man and culture, 1973.

670 ## - SOURCE DATA FOUND

  • Source citation: Info. converted from 678, 2012-10-02
  • Information found: (b. 9/20/37)

670 ## - SOURCE DATA FOUND

  • Source citation: Community, schism, and politics in Starkey, 1968:
  • Information found: t.p. (Elvin James Hatch) vita (b. 1937)

670 ## - SOURCE DATA FOUND

  • Source citation: Jen yü wen hua ti li lun, 1988:
  • Information found: t.p. (E. Ha-chʻi)

670 ## - SOURCE DATA FOUND

  • Source citation: Biblioteca del congreso (Estados Unidos), 02 julio 2018:
  • Information found: catálogo electrónico
  • Uniform Resource Identifier: https://goo.gl/dFTnn9